| 000 | 00448nam a2200193Ia 4500 | ||
|---|---|---|---|
| 008 | 170918s9999 xx 000 0 und d | ||
| 020 | _a9780765342409 | ||
| 050 | _bC266 1999 | ||
| 100 | _aCard, Orson Scott | ||
| 245 | _aEnder's shadow / | ||
| 245 | _cby Orson Scott Card. | ||
| 260 | _aNew York : | ||
| 260 | _bStarscape, | ||
| 260 | _c1999 | ||
| 300 | _a469 pages : | ||
| 300 | _billustrations ; | ||
| 300 | _c19cm. | ||
| 500 | _a780 | ||
| 999 |
_c343588 _d343588 |
||